[Event "Winnipeg TNT Jan op"]
[Site "Winnipeg CAN"]
[Date "2001.01.30"]
[Round "4"]
[White "Haapamaki, Eric"]
[Black "Moffat, Ron"]
[Result "1-0"]
[WhiteElo "1777"]
[BlackElo "1738"]
[PlyCount "52"]
[GameId "2160767911627346"]
[EventDate "2001.01.??"]
[EventType "swiss"]
[EventRounds "4"]
[EventCountry "CAN"]
[SourceTitle "EXT 2005"]
[Source "ChessBase"]
[SourceDate "2004.11.15"]
[SourceVersion "1"]
[SourceVersionDate "2004.11.15"]
[SourceQuality "1"]

1. e4 c5 2. Nf3 e6 3. d4 cxd4 4. Nxd4 a6 5. c4 Nf6 6. Bd3 Qc7 7. O-O Bd6 8. h3 Nc6 9. Nf3 Nb4 10. Nc3 Nxd3 11. Qxd3 b6 12. Bg5 Nh5 13. Rad1 Bf4 14. Bxf4 Nxf4 15. Qd4 O-O 16. e5 Ng6 17. Rfe1 Rd8 18. Nh4 Nxh4 19. Qxh4 d6 20. Rxd6 Rxd6 21. exd6 Qd7 22. Rd1 Bb7 23. Ne4 Bxe4 24. Qxe4 Rc8 25. b3 Rc6 26. Qxc6 Qxc6 1-0

[Event "Winnipeg TNT Jan op"]
[Site "Winnipeg CAN"]
[Date "2001.01.30"]
[Round "4"]
[White "Hanrahan, Nigel"]
[Black "Proulx, Roy"]
[Result "1-0"]
[WhiteElo "1697"]
[BlackElo "1668"]
[PlyCount "85"]
[GameId "2160767911627347"]
[EventDate "2001.01.??"]
[EventType "swiss"]
[EventRounds "4"]
[EventCountry "CAN"]
[SourceTitle "EXT 2005"]
[Source "ChessBase"]
[SourceDate "2004.11.15"]
[SourceVersion "1"]
[SourceVersionDate "2004.11.15"]
[SourceQuality "1"]

1. c4 Nf6 2. g3 c5 3. Bg2 Nc6 4. Nc3 e5 5. e4 d6 6. Nge2 Be7 7. O-O O-O 8. f3 Nd7 9. Nd5 Nd4 10. Nxe7+ Qxe7 11. Nxd4 cxd4 12. d3 Nc5 13. b4 Ne6 14. a3 Bd7 15. f4 f6 16. f5 Nd8 17. h4 Rc8 18. g4 b5 19. cxb5 Bxb5 20. Qb3+ Kh8 21. Bb2 Be8 22. Rac1 Bf7 23. Qd1 Rxc1 24. Qxc1 Qb7 25. Qc2 Be8 26. Rc1 Bc6 27. Bf3 Qd7 28. g5 Ba4 29. Qc7 Rf7 30. Qxd7 Rxd7 31. Bd1 Bb5 32. Bc2 Rc7 33. a4 Bd7 34. Bb3 Rxc1+ 35. Bxc1 Nc6 36. Ba3 a5 37. b5 fxg5 38. bxc6 Bxc6 39. h5 Bb7 40. Bxd6 Ba6 41. Bc4 Bxc4 42. dxc4 d3 43. Kf2 1-0

[Event "Winnipeg TNT Jan op"]
[Site "Winnipeg CAN"]
[Date "2001.01.30"]
[Round "4"]
[White "Khedkar, Jay S"]
[Black "Charter, Bennet"]
[Result "1-0"]
[WhiteElo "2012"]
[BlackElo "1748"]
[PlyCount "69"]
[GameId "2160767911627348"]
[EventDate "2001.01.??"]
[EventType "swiss"]
[EventRounds "4"]
[EventCountry "CAN"]
[SourceTitle "EXT 2005"]
[Source "ChessBase"]
[SourceDate "2004.11.15"]
[SourceVersion "1"]
[SourceVersionDate "2004.11.15"]
[SourceQuality "1"]

1. e4 e6 2. d4 d5 3. Nd2 Nf6 4. e5 Nfd7 5. Bd3 c5 6. c3 Nc6 7. Ne2 cxd4 8. cxd4 f6 9. exf6 Nxf6 10. O-O Bd6 11. Nf3 Qb6 12. Nc3 O-O 13. Be3 Bd7 14. Re1 Rac8 15. a3 Kh8 16. h3 Ne7 17. Ne5 Be8 18. Re2 a6 19. Rc1 Qd8 20. Qb3 b5 21. Rec2 Bxe5 22. dxe5 Nd7 23. Bd4 Nf5 24. Ne2 Rxc2 25. Qxc2 Nxd4 26. Nxd4 Qb6 27. Nf3 h6 28. Qc7 g5 29. Qxb6 Nxb6 30. Nd4 Bd7 31. Nxe6 Bxe6 32. Rc6 Nc4 33. Rxe6 Kg7 34. Rg6+ Kf7 35. Rxa6 1-0

[Event "Winnipeg TNT Jan op"]
[Site "Winnipeg CAN"]
[Date "2001.01.30"]
[Round "4"]
[White "Siegers, John"]
[Black "Milord, Frank"]
[Result "0-1"]
[WhiteElo "1625"]
[BlackElo "1796"]
[PlyCount "125"]
[GameId "2160767911627349"]
[EventDate "2001.01.??"]
[EventType "swiss"]
[EventRounds "4"]
[EventCountry "CAN"]
[SourceTitle "EXT 2005"]
[Source "ChessBase"]
[SourceDate "2004.11.15"]
[SourceVersion "1"]
[SourceVersionDate "2004.11.15"]
[SourceQuality "1"]

1. d4 d5 2. Nf3 Nf6 3. c4 c6 4. cxd5 cxd5 5. g3 Nc6 6. Bg2 e6 7. O-O Bd6 8. Nc3 a6 9. Re1 O-O 10. Bg5 Be7 11. a3 Ne4 12. Bxe7 Nxc3 13. Bxd8 Nxd1 14. Raxd1 Rxd8 15. e4 dxe4 16. Rxe4 b5 17. Re3 Rb8 18. b4 Bb7 19. Red3 Ne7 20. Nd2 Bxg2 21. Kxg2 e5 22. Nb3 e4 23. R3d2 Nd5 24. Re1 f5 25. Nc5 Rb6 26. Rc1 Rc6 27. Nb3 Rxc1 28. Nxc1 Rc8 29. Ne2 g5 30. f3 e3 31. Ra2 Kf7 32. Kh3 Rc6 33. f4 g4+ 34. Kg2 h5 35. Kf1 h4 36. Ke1 hxg3 37. hxg3 Rh6 38. Kf1 Rh1+ 39. Kg2 Rd1 40. Rc2 Rd2 41. Rc5 Rxe2+ 42. Kf1 Rf2+ 43. Ke1 Ke6 44. Rc6+ Kd7 45. Rxa6 Rd2 46. Ra7+ Nc7 47. a4 bxa4 48. Rxa4 Rxd4 49. Ke2 Re4 50. Ra3 Rxb4 51. Rxe3 Ne6 52. Kd2 Nxf4 53. gxf4 Rxf4 54. Ke2 Kd6 55. Kd2 Kd5 56. Re8 Rf3 57. Rf8 Ke4 58. Re8+ Kf4 59. Kd1 Rf2 60. Rf8 Kg3 61. Ke1 Kg2 62. Rg8 g3 63. Rg5 0-1

[Event "Winnipeg TNT Jan op"]
[Site "Winnipeg CAN"]
[Date "2001.01.30"]
[Round "4"]
[White "Weijs, Harry"]
[Black "Gibbons, Lorne"]
[Result "1-0"]
[WhiteElo "1518"]
[BlackElo "1429"]
[PlyCount "31"]
[GameId "2160767911627350"]
[EventDate "2001.01.??"]
[EventType "swiss"]
[EventRounds "4"]
[EventCountry "CAN"]
[SourceTitle "EXT 2005"]
[Source "ChessBase"]
[SourceDate "2004.11.15"]
[SourceVersion "1"]
[SourceVersionDate "2004.11.15"]
[SourceQuality "1"]

1. d4 f5 2. Bf4 Nf6 3. e3 e6 4. c4 d5 5. c5 b6 6. cxb6 axb6 7. Nc3 Bd7 8. Qb3 Be7 9. Nb5 Bxb5 10. Bxb5+ Nfd7 11. Rc1 Bd6 12. Bxd6 cxd6 13. Ne2 O-O 14. Nf4 Qe7 15. Nxd5 Qf7 16. Nc7 1-0

[Event "Winnipeg TNT March op"]
[Site "Winnipeg CAN"]
[Date "2001.03.06"]
[Round "1"]
[White "Haapamaki, Eric"]
[Black "MacPherson, Al"]
[Result "1/2-1/2"]
[WhiteElo "1803"]
[BlackElo "1578"]
[PlyCount "54"]
[GameId "2160767911610352"]
[EventDate "2001.03.06"]
[EventType "swiss"]
[EventRounds "4"]
[EventCountry "CAN"]

1. e4 c5 2. Nf3 d6 3. d4 cxd4 4. Nxd4 Nf6 5. Nc3 a6 6. Bc4 e6 7. O-O Be7 8. Be3 Nc6 9. a4 O-O 10. f4 Qc7 11. Ba2 e5 12. Nxc6 Qxc6 13. Nd5 Nxd5 14. Bxd5 Qc7 15. f5 Bd7 16. Qd3 Bc6 17. Rf3 Rac8 18. f6 Bxf6 19. Rxf6 gxf6 20. Bh6 Kh8 21. Qf3 Qe7 22. Bxf8 Rxf8 23. Bxc6 bxc6 24. Rf1 Kg7 25. Qg4+ Kh8 26. Qf5 Kg7 27. Qg4+ Kh8 1/2-1/2

[Event "Winnipeg TNT March op"]
[Site "Winnipeg CAN"]
[Date "2001.03.13"]
[Round "2"]
[White "Greenberg, Harley"]
[Black "Gibbons, Lorne"]
[Result "1-0"]
[WhiteElo "1671"]
[BlackElo "1388"]
[PlyCount "60"]
[GameId "2160767911610353"]
[EventDate "2001.03.06"]
[EventType "swiss"]
[EventRounds "4"]
[EventCountry "CAN"]

1. d4 d5 2. c4 Nc6 3. Nc3 dxc4 4. Nf3 Bf5 5. e3 Nf6 6. Bxc4 Nb4 7. Qa4+ c6 8. Qxb4 e5 9. Qxb7 Qb6 10. Qxb6 axb6 11. Nxe5 Bb4 12. Nxf7 Rf8 13. Ne5 b5 14. Bb3 Rc8 15. O-O c5 16. Nxb5 c4 17. Nxc4 Bd3 18. Nbd6+ Bxd6 19. Nxd6+ Kd7 20. Nxc8 Bxf1 21. Kxf1 Kxc8 22. Bd2 Ne4 23. Rc1+ Kb8 24. Be1 g5 25. f3 g4 26. Ke2 Nf6 27. Bg3+ Ka8 28. fxg4 h5 29. Rf1 Nxg4 30. Rxf8+ Kb7 1-0

[Event "Winnipeg TNT March op"]
[Site "Winnipeg CAN"]
[Date "2001.03.27"]
[Round "4"]
[White "Curtis, Rory"]
[Black "MacPherson, Al"]
[Result "0-1"]
[WhiteElo "1618"]
[BlackElo "1578"]
[PlyCount "46"]
[GameId "2160767911610355"]
[EventDate "2001.03.06"]
[EventType "swiss"]
[EventRounds "4"]
[EventCountry "CAN"]

1. c4 c5 2. Nc3 Nf6 3. Nf3 e6 4. g3 d5 5. d4 cxd4 6. Nxd4 e5 7. Nc2 d4 8. Nb1 Bf5 9. Bg2 Nc6 10. Bg5 Be7 11. Nd2 Qb6 12. b3 d3 13. Ne3 dxe2 14. Bxc6+ bxc6 15. Qxe2 Qd4 16. Rd1 Bg6 17. O-O Bd3 18. Qf3 e4 19. Nxe4 Qxe4 20. Qxe4 Nxe4 21. Bxe7 Bxf1 22. Ba3 Bh3 23. Re1 O-O-O 0-1

[Event "Winnipeg TNT March op"]
[Site "Winnipeg CAN"]
[Date "2001.03.27"]
[Round "4"]
[White "Haapamaki, Eric"]
[Black "Moffat, Ron"]
[Result "1/2-1/2"]
[WhiteElo "1803"]
[BlackElo "1744"]
[PlyCount "55"]
[GameId "2160767911610356"]
[EventDate "2001.03.06"]
[EventType "swiss"]
[EventRounds "4"]
[EventCountry "CAN"]

1. e4 c5 2. Nf3 e6 3. d4 cxd4 4. Nxd4 a6 5. c4 Nf6 6. Bd3 Nc6 7. Nc2 Be7 8. O-O O-O 9. Nc3 Qc7 10. f4 d6 11. Be3 b6 12. g4 Bb7 13. g5 Ne8 14. Qg4 Na5 15. Na3 Rc8 16. Rac1 d5 17. cxd5 Bc5 18. Bxc5 Qxc5+ 19. Kg2 exd5 20. Nxd5 Qd4 21. Rxc8 Qxd3 22. Rxe8 Rxe8 23. Nf6+ Kf8 24. Nxe8 Bxe4+ 25. Kf2 Qd4+ 26. Kg3 Qd3+ 27. Kf2 Qd4+ 28. Kg3 1/2-1/2

[Event "Winnipeg TNT May op"]
[Site "Winnipeg CAN"]
[Date "2001.05.01"]
[Round "1"]
[White "Greenberg, Harley"]
[Black "Trueman, Francis"]
[Result "1-0"]
[WhiteElo "1716"]
[BlackElo "1475"]
[PlyCount "33"]
[GameId "2160767911564883"]
[EventDate "2001.05.??"]
[EventType "swiss"]
[EventRounds "5"]
[EventCountry "CAN"]
[SourceTitle "EXT 2005"]
[Source "ChessBase"]
[SourceDate "2004.11.15"]
[SourceVersion "1"]
[SourceVersionDate "2004.11.15"]
[SourceQuality "1"]

1. d4 d5 2. c4 Nf6 3. Nc3 e6 4. Nf3 c6 5. g3 Be7 6. Bg2 O-O 7. O-O Nbd7 8. Qc2 dxc4 9. e4 a6 10. a4 Qc7 11. Rd1 e5 12. dxe5 Ng4 13. e6 fxe6 14. h3 Bc5 15. hxg4 Qxg3 16. Nd4 Ne5 17. fxg3 1-0

[Event "Winnipeg TNT May op"]
[Site "Winnipeg CAN"]
[Date "2001.05.01"]
[Round "1"]
[White "Pilotte, Rick"]
[Black "Weijs, Harry"]
[Result "0-1"]
[WhiteElo "100"]
[BlackElo "1530"]
[PlyCount "36"]
[GameId "2160767911564884"]
[EventDate "2001.05.??"]
[EventType "swiss"]
[EventRounds "5"]
[EventCountry "CAN"]
[SourceTitle "EXT 2005"]
[Source "ChessBase"]
[SourceDate "2004.11.15"]
[SourceVersion "1"]
[SourceVersionDate "2004.11.15"]
[SourceQuality "1"]

1. d4 f5 2. c4 Nf6 3. Nc3 e6 4. Bf4 Bb4 5. f3 d5 6. a3 Bxc3+ 7. bxc3 c5 8. dxc5 Qa5 9. Qd4 Nc6 10. Qe3 d4 11. Qc1 dxc3 12. Kf2 Qxc5+ 13. e3 e5 14. Bg5 O-O 15. Qxc3 Nd5 16. Qc2 f4 17. Qd2 Nxe3 18. g4 Nxc4+ 0-1

[Event "Winnipeg TNT May op"]
[Site "Winnipeg CAN"]
[Date "2001.05.01"]
[Round "1"]
[White "Tetrault, Claude"]
[Black "Curtis, Rory"]
[Result "0-1"]
[WhiteElo "1398"]
[BlackElo "1599"]
[PlyCount "52"]
[GameId "2160767911564885"]
[EventDate "2001.05.??"]
[EventType "swiss"]
[EventRounds "5"]
[EventCountry "CAN"]
[SourceTitle "EXT 2005"]
[Source "ChessBase"]
[SourceDate "2004.11.15"]
[SourceVersion "1"]
[SourceVersionDate "2004.11.15"]
[SourceQuality "1"]

1. d4 Nf6 2. c4 e6 3. Nf3 b6 4. Bf4 Bb7 5. Nc3 Bb4 6. Bg5 h6 7. Bh4 g5 8. Bg3 Ne4 9. Qc2 Bxc3+ 10. bxc3 Nxg3 11. fxg3 d6 12. e3 Nd7 13. Bd3 Qe7 14. O-O O-O-O 15. a4 a5 16. Rfb1 h5 17. Rf1 h4 18. gxh4 g4 19. Ne1 Rxh4 20. g3 Rh6 21. Ng2 Rdh8 22. Nh4 f5 23. Rae1 Nf6 24. d5 Nh7 25. dxe6 Ng5 26. Nxf5 Nh3# 0-1

[Event "Winnipeg TNT May op"]
[Site "Winnipeg CAN"]
[Date "2001.05.08"]
[Round "2"]
[White "Curtis, Rory"]
[Black "Greenberg, Harley"]
[Result "1-0"]
[WhiteElo "1599"]
[BlackElo "1716"]
[PlyCount "79"]
[GameId "2160767911564886"]
[EventDate "2001.05.??"]
[EventType "swiss"]
[EventRounds "5"]
[EventCountry "CAN"]
[SourceTitle "EXT 2005"]
[Source "ChessBase"]
[SourceDate "2004.11.15"]
[SourceVersion "1"]
[SourceVersionDate "2004.11.15"]
[SourceQuality "1"]

1. c4 Nf6 2. Nf3 g6 3. d4 Bg7 4. Nc3 O-O 5. Bg5 d6 6. e4 Nbd7 7. Be2 c5 8. d5 Qa5 9. O-O h6 10. Bd2 a6 11. Qc1 Kh7 12. Kh1 b5 13. Nxb5 Qb6 14. Nc3 Rb8 15. Rb1 Ng4 16. Ne1 h5 17. h3 Nh6 18. f4 f5 19. Nf3 Nf6 20. e5 dxe5 21. fxe5 Ne4 22. Nxe4 fxe4 23. Ng5+ Kg8 24. Rxf8+ Bxf8 25. e6 Nf5 26. Nxe4 Bg7 27. b3 Qc7 28. Bf4 Be5 29. Bxe5 Qxe5 30. Bd3 Bxe6 31. dxe6 Rd8 32. Bc2 Rd4 33. Qe1 Rxe4 34. Bxe4 Ng3+ 35. Kg1 Nxe4 36. Rd1 Qxe6 37. Rd3 Qc6 38. Re3 Nd6 39. Rxe7 Kf8 40. Qe6 1-0

[Event "Winnipeg TNT May op"]
[Site "Winnipeg CAN"]
[Date "2001.05.08"]
[Round "2"]
[White "Taylor, Gordon"]
[Black "Tetrault, Charles"]
[Result "1/2-1/2"]
[WhiteElo "1700"]
[BlackElo "1515"]
[PlyCount "62"]
[GameId "2160767911564887"]
[EventDate "2001.05.??"]
[EventType "swiss"]
[EventRounds "5"]
[EventCountry "CAN"]
[SourceTitle "EXT 2005"]
[Source "ChessBase"]
[SourceDate "2004.11.15"]
[SourceVersion "1"]
[SourceVersionDate "2004.11.15"]
[SourceQuality "1"]

1. c4 e5 2. g3 g6 3. Bg2 Bg7 4. Nc3 Nc6 5. e3 d6 6. Nge2 f5 7. d3 Nf6 8. a3 a5 9. Nb5 Ne7 10. b3 c6 11. Nbc3 O-O 12. O-O g5 13. Bb2 Re8 14. Qc2 Ng6 15. Rad1 Qd7 16. d4 e4 17. Na4 f4 18. exf4 gxf4 19. gxf4 Qg4 20. h3 Qh5 21. Ng3 Qh6 22. f5 Nf4 23. f3 Nxh3+ 24. Bxh3 Qxh3 25. Qh2 Bxf5 26. Nxf5 Qxf5 27. fxe4 Qg5+ 28. Kh1 Nxe4 29. Rg1 Nf2+ 30. Qxf2 Qh5+ 31. Qh2 Qf3+ 1/2-1/2

[Event "Winnipeg TNT May op"]
[Site "Winnipeg CAN"]
[Date "2001.05.08"]
[Round "2"]
[White "Tetrault, Robert"]
[Black "Nikouline, Alexandre"]
[Result "0-1"]
[WhiteElo "1580"]
[BlackElo "2104"]
[PlyCount "52"]
[GameId "2160767911564888"]
[EventDate "2001.05.??"]
[EventType "swiss"]
[EventRounds "5"]
[EventCountry "CAN"]
[SourceTitle "EXT 2005"]
[Source "ChessBase"]
[SourceDate "2004.11.15"]
[SourceVersion "1"]
[SourceVersionDate "2004.11.15"]
[SourceQuality "1"]

1. e4 e5 2. Nf3 Nc6 3. Bc4 Bc5 4. Nc3 d6 5. d3 Bg4 6. Be3 Nd4 7. Bxd4 Bxd4 8. Nd5 c6 9. Ne3 Bxe3 10. fxe3 Qb6 11. Qe2 d5 12. exd5 cxd5 13. Bxd5 Qa5+ 14. c3 Qxd5 15. e4 Qd6 16. O-O Ne7 17. Qd2 Bxf3 18. Rxf3 O-O 19. Raf1 Ng6 20. Qg5 Nf4 21. Qh4 Qg6 22. R1f2 f5 23. Rg3 Qf6 24. Qxf6 Rxf6 25. Rg5 fxe4 26. dxe4 Rd8 0-1

[Event "Winnipeg TNT May op"]
[Site "Winnipeg CAN"]
[Date "2001.05.08"]
[Round "2"]
[White "Weijs, Harry"]
[Black "Babb, Jeff"]
[Result "0-1"]
[WhiteElo "1530"]
[BlackElo "2214"]
[PlyCount "46"]
[GameId "2160767911564889"]
[EventDate "2001.05.??"]
[EventType "swiss"]
[EventRounds "5"]
[EventCountry "CAN"]
[SourceTitle "EXT 2005"]
[Source "ChessBase"]
[SourceDate "2004.11.15"]
[SourceVersion "1"]
[SourceVersionDate "2004.11.15"]
[SourceQuality "1"]

1. d4 Nf6 2. Bg5 c5 3. d5 Ne4 4. Bc1 e6 5. c4 Qa5+ 6. Bd2 Nxd2 7. Nxd2 g6 8. a3 Bg7 9. Rb1 exd5 10. cxd5 d6 11. e4 O-O 12. Bd3 f5 13. f3 fxe4 14. fxe4 Nd7 15. Ngf3 Ne5 16. Be2 Ng4 17. Qb3 a6 18. O-O b5 19. h3 c4 20. Bxc4 bxc4 21. Nxc4 Qc5+ 22. Kh1 Nf2+ 23. Kh2 Nxe4 0-1

[Event "Winnipeg TNT May op"]
[Site "Winnipeg CAN"]
[Date "2001.05.15"]
[Round "3"]
[White "Greenberg, Harley"]
[Black "Kernsted, Gavin"]
[Result "1-0"]
[WhiteElo "1716"]
[BlackElo "1335"]
[PlyCount "55"]
[GameId "2160767911564890"]
[EventDate "2001.05.??"]
[EventType "swiss"]
[EventRounds "5"]
[EventCountry "CAN"]
[SourceTitle "EXT 2005"]
[Source "ChessBase"]
[SourceDate "2004.11.15"]
[SourceVersion "1"]
[SourceVersionDate "2004.11.15"]
[SourceQuality "1"]

1. e4 e5 2. Nf3 Nc6 3. d4 d6 4. Bb5 Bd7 5. O-O Nf6 6. Nc3 Nxd4 7. Bxd7+ Nxd7 8. Nxd4 exd4 9. Qxd4 Ne5 10. Bf4 c6 11. Bxe5 c5 12. Qa4+ Qd7 13. Qxd7+ Kxd7 14. Rad1 f6 15. Bg3 Re8 16. f4 Kc6 17. Rfe1 g6 18. e5 fxe5 19. fxe5 a6 20. exd6 Rd8 21. Be5 Rg8 22. Nd5 h5 23. c4 b6 24. Ne7+ Bxe7 25. dxe7 Rc8 26. Rd6+ Kc7 27. Red1 Rge8 28. Rd7+ 1-0

[Event "Winnipeg TNT May op"]
[Site "Winnipeg CAN"]
[Date "2001.05.15"]
[Round "3"]
[White "Nikouline, Alexandre"]
[Black "Taylor, Gordon"]
[Result "1/2-1/2"]
[WhiteElo "2104"]
[BlackElo "1700"]
[PlyCount "113"]
[GameId "2160767911564891"]
[EventDate "2001.05.??"]
[EventType "swiss"]
[EventRounds "5"]
[EventCountry "CAN"]
[SourceTitle "EXT 2005"]
[Source "ChessBase"]
[SourceDate "2004.11.15"]
[SourceVersion "1"]
[SourceVersionDate "2004.11.15"]
[SourceQuality "1"]

1. e4 e5 2. Nf3 Nc6 3. Bb5 a6 4. Ba4 Nf6 5. O-O b5 6. Bb3 Bb7 7. Ng5 d5 8. exd5 Nxd5 9. Qf3 Qxg5 10. Bxd5 Qg6 11. c3 Rd8 12. Be4 Nd4 13. cxd4 Bxe4 14. Qg3 Qxg3 15. hxg3 Rxd4 16. Nc3 Bg6 17. Re1 f6 18. Ne2 Rd7 19. d4 Bb4 20. Nc3 Rxd4 21. Be3 Rd3 22. a4 O-O 23. axb5 axb5 24. Rec1 Bxc3 25. bxc3 Rfd8 26. Bc5 Be4 27. c4 bxc4 28. Rxc4 Rd1+ 29. Rxd1 Rxd1+ 30. Kh2 Bd5 31. Rc3 Ra1 32. g4 Ra4 33. Kg3 Rc4 34. Rxc4 Bxc4 35. g5 f5 36. f4 e4 37. Kf2 Kf7 38. Bd4 g6 39. Be5 c6 40. Ke3 Ke6 41. Kd4 Bf1 42. g3 Bg2 43. Kc5 e3 44. Bc3 Kf7 45. Kd4 e2 46. Ke3 Ke6 47. Kd4 Kd6 48. Bb4+ Kc7 49. Kc5 Kd7 50. Kd4 Ke6 51. Bc3 Bf3 52. Ke3 Be4 53. Kxe2 Kd5 54. Ke3 c5 55. Bg7 Kc4 56. Kd2 Kb3 57. Bf6 1/2-1/2

[Event "Winnipeg TNT May op"]
[Site "Winnipeg CAN"]
[Date "2001.05.15"]
[Round "3"]
[White "Pilotte, Rick"]
[Black "Tetrault, Robert"]
[Result "1-0"]
[WhiteElo "100"]
[BlackElo "1580"]
[PlyCount "61"]
[GameId "2160767911564892"]
[EventDate "2001.05.??"]
[EventType "swiss"]
[EventRounds "5"]
[EventCountry "CAN"]
[SourceTitle "EXT 2005"]
[Source "ChessBase"]
[SourceDate "2004.11.15"]
[SourceVersion "1"]
[SourceVersionDate "2004.11.15"]
[SourceQuality "1"]

1. e4 e5 2. Nf3 Nc6 3. c3 Nf6 4. d3 h6 5. Be2 d5 6. Nbd2 Be7 7. O-O O-O 8. Re1 Bg4 9. exd5 Nxd5 10. Nc4 Bxf3 11. Bxf3 Bf6 12. Qc2 Re8 13. Bd2 Qd7 14. Be4 Re7 15. Qd1 Rae8 16. Qf3 Nf4 17. Bxf4 exf4 18. Qxf4 Bg5 19. Qf3 Qd5 20. Ne3 Qb5 21. Nc4 Ne5 22. Nxe5 Rxe5 23. b3 Qc6 24. c4 Bf6 25. Rad1 Qa6 26. Re2 Bg5 27. Rde1 c6 28. g3 g6 29. h4 Bd8 30. d4 Rh5 31. Bxg6 1-0

[Event "Winnipeg TNT May op"]
[Site "Winnipeg CAN"]
[Date "2001.05.22"]
[Round "4"]
[White "Curtis, Rory"]
[Black "Nikouline, Alexandre"]
[Result "0-1"]
[WhiteElo "1599"]
[BlackElo "2104"]
[PlyCount "50"]
[GameId "2160767911564893"]
[EventDate "2001.05.??"]
[EventType "swiss"]
[EventRounds "5"]
[EventCountry "CAN"]
[SourceTitle "EXT 2005"]
[Source "ChessBase"]
[SourceDate "2004.11.15"]
[SourceVersion "1"]
[SourceVersionDate "2004.11.15"]
[SourceQuality "1"]

1. c4 e5 2. d3 d6 3. Nf3 Be6 4. Nc3 Nf6 5. Bg5 Be7 6. e3 O-O 7. Be2 c6 8. O-O h6 9. Bxf6 Bxf6 10. Nd2 Be7 11. Nde4 d5 12. cxd5 cxd5 13. Ng3 Nc6 14. a3 d4 15. Nce4 Qb6 16. f4 f5 17. Nd2 dxe3 18. Nf3 exf4 19. Nh1 g5 20. Qe1 g4 21. Nh4 Nd4 22. Ng6 Bg5 23. Nxf8 Qxb2 24. Bd1 Bd5 25. Nf2 Rxf8 0-1

[Event "Winnipeg TNT May op"]
[Site "Winnipeg CAN"]
[Date "2001.05.29"]
[Round "5"]
[White "Babb, Jeff"]
[Black "Nikouline, Alexandre"]
[Result "0-1"]
[WhiteElo "2214"]
[BlackElo "2104"]
[PlyCount "102"]
[GameId "2160767911564894"]
[EventDate "2001.05.??"]
[EventType "swiss"]
[EventRounds "5"]
[EventCountry "CAN"]
[SourceTitle "EXT 2005"]
[Source "ChessBase"]
[SourceDate "2004.11.15"]
[SourceVersion "1"]
[SourceVersionDate "2004.11.15"]
[SourceQuality "1"]

1. e4 e6 2. d3 d5 3. Nd2 Nf6 4. Ngf3 b6 5. Be2 c5 6. c3 Bb7 7. O-O Qc7 8. Re1 Nc6 9. a3 O-O-O 10. Qa4 Kb8 11. b4 dxe4 12. Nxe4 Ne5 13. Nxe5 Qxe5 14. bxc5 Bxc5 15. Nxc5 Qxc5 16. Bf4+ Ka8 17. Be3 Qc6 18. Qxc6 Bxc6 19. a4 Nd5 20. Bd2 e5 21. c4 Nc7 22. Bc3 f6 23. Reb1 Rd7 24. f3 Ne6 25. a5 bxa5 26. Rxa5 Rb8 27. Rxb8+ Kxb8 28. g3 Rb7 29. Ra3 Rb1+ 30. Kf2 Kb7 31. h4 Nc5 32. d4 Na4 33. dxe5 Nxc3 34. Rxc3 fxe5 35. Re3 a5 36. Rxe5 a4 37. c5 a3 38. Re7+ Kb8 39. Bc4 Rb2+ 40. Re2 Rxe2+ 41. Kxe2 Bb5 42. Bxb5 a2 43. Bd3 h6 44. Be4 a1=Q 45. c6 Qc3 46. h5 Kc7 47. g4 Kd6 48. Kf2 Ke5 49. Kg3 Qe1+ 50. Kg2 Kf4 51. c7 Qc3 0-1

[Event "Winnipeg TNT May op"]
[Site "Winnipeg CAN"]
[Date "2001.05.29"]
[Round "5"]
[White "Curtis, Rory"]
[Black "Weijs, Harry"]
[Result "0-1"]
[WhiteElo "1599"]
[BlackElo "1530"]
[PlyCount "87"]
[GameId "2160767911564895"]
[EventDate "2001.05.??"]
[EventType "swiss"]
[EventRounds "5"]
[EventCountry "CAN"]
[SourceTitle "EXT 2005"]
[Source "ChessBase"]
[SourceDate "2004.11.15"]
[SourceVersion "1"]
[SourceVersionDate "2004.11.15"]
[SourceQuality "1"]

1. c4 e5 2. d3 Nc6 3. Nf3 Nf6 4. a3 a5 5. Nc3 d6 6. g3 Be7 7. Bg2 O-O 8. O-O Re8 9. Qa4 Bd7 10. Qb3 Qc8 11. Bg5 h6 12. Bxf6 Bxf6 13. Nd5 Bd8 14. Nd2 Nd4 15. Qd1 c6 16. Nc3 Bh3 17. e3 Bxg2 18. Kxg2 Ne6 19. Nde4 Bc7 20. Qg4 Rf8 21. f4 f5 22. Qg6 fxe4 23. fxe5 dxe5 24. Nxe4 Bd8 25. Nd6 Qd7 26. c5 Rf6 27. Qg4 Nxc5 28. Qxd7 Nxd7 29. Ne4 Rxf1 30. Rxf1 Be7 31. Rf3 Ra6 32. Nd2 Nc5 33. d4 exd4 34. exd4 Ne6 35. Re3 Kf7 36. Re4 Bf6 37. Nc4 Bxd4 38. Nd6+ Kf6 39. Nxb7 Bxb2 40. Rxe6+ Kxe6 41. Nc5+ Kd5 42. Nxa6 Bxa3 43. Kf2 Bd6 44. Ke3 0-1

[Event "Winnipeg TNT May op"]
[Site "Winnipeg CAN"]
[Date "2001.05.29"]
[Round "5"]
[White "Greenberg, Harley"]
[Black "Tetrault, Robert"]
[Result "1-0"]
[WhiteElo "1716"]
[BlackElo "1515"]
[PlyCount "35"]
[GameId "2160767911564896"]
[EventDate "2001.05.??"]
[EventType "swiss"]
[EventRounds "5"]
[EventCountry "CAN"]
[SourceTitle "EXT 2005"]
[Source "ChessBase"]
[SourceDate "2004.11.15"]
[SourceVersion "1"]
[SourceVersionDate "2004.11.15"]
[SourceQuality "1"]

1. e4 e5 2. Nf3 Nc6 3. d4 exd4 4. Nxd4 Nxd4 5. Qxd4 Nf6 6. Nc3 c6 7. e5 Ng8 8. Bc4 b5 9. Bxf7+ Kxf7 10. O-O d6 11. Qf4+ Ke8 12. exd6 Bxd6 13. Re1+ Ne7 14. Qe4 Bd7 15. Bg5 g6 16. Rad1 Bxh2+ 17. Kxh2 Qc7+ 18. g3 1-0

[Event "Winnipeg TNT May op"]
[Site "Winnipeg CAN"]
[Date "2001.05.29"]
[Round "5"]
[White "Kernsted, Gavin"]
[Black "Taylor, Gordon"]
[Result "0-1"]
[WhiteElo "1335"]
[BlackElo "1700"]
[PlyCount "82"]
[GameId "2160767911564897"]
[EventDate "2001.05.??"]
[EventType "swiss"]
[EventRounds "5"]
[EventCountry "CAN"]
[SourceTitle "EXT 2005"]
[Source "ChessBase"]
[SourceDate "2004.11.15"]
[SourceVersion "1"]
[SourceVersionDate "2004.11.15"]
[SourceQuality "1"]

1. e4 d6 2. Nf3 e5 3. Nc3 Nf6 4. d4 exd4 5. Nxd4 Be7 6. Be2 O-O 7. O-O c5 8. Nf3 Nc6 9. Nd5 Nxd5 10. exd5 Ne5 11. c4 Bf5 12. Re1 Bf6 13. a4 Re8 14. Ra3 Qd7 15. Nxe5 Bxe5 16. Re3 Bd4 17. Rxe8+ Rxe8 18. Qd2 Bg6 19. b3 Qf5 20. Bf3 Rxe1+ 21. Qxe1 h6 22. Be3 Bxe3 23. fxe3 Qd3 24. Bd1 b6 25. h3 Be4 26. Kh2 Qb1 27. Qd2 a5 28. Qe2 Bd3 29. Qd2 Be4 30. Qe2 Qc1 31. Qe1 Bc2 32. Qg3 Bxd1 33. Qxd6 Qxe3 34. Qd8+ Kh7 35. Qxb6 Qd2 36. Qxc5 Bf3 37. Qg1 Kg8 38. Kh1 Be4 39. Qh2 f5 40. d6 Kf7 41. c5 f4 0-1